| 000 | 00686nam a22002292 4500 | ||
|---|---|---|---|
| 001 | 0000002399 | ||
| 005 | 20151021151057.0 | ||
| 008 | 070410s xx 000 0 eng d | ||
| 020 |
_a0256188009 : _cKES 500 (don.) |
||
| 040 |
_aKABU _cKABU |
||
| 050 | 0 |
_aHF5667 _b.R63 1996 |
|
| 100 | 1 |
_aRobertson, Jack C. _@0000159985 |
|
| 245 | 1 | 0 |
_aAuditing / _cJack C. Robertson. |
| 250 | _a8th ed. | ||
| 260 |
_aChicago : _bIrwin, _c1996. |
||
| 300 |
_axxiii, 983 p. ; _c26 cm. |
||
| 440 | 4 |
_aThe Irwin series in undergraduate accounting _@0000159986 |
|
| 650 | 0 |
_aAuditing. _@0000151729 |
|
| 908 | _a070410 | ||
| 950 | _@1 | ||
| 999 |
_c422 _d422 |
||